<?xml version="1.0" encoding="UTF-8"?>
<record
    xmlns:xsi="http://www.w3.org/2001/XMLSchema-instance"
    xsi:schemaLocation="http://www.loc.gov/MARC21/slim http://www.loc.gov/standards/marcxml/schema/MARC21slim.xsd"
    xmlns="http://www.loc.gov/MARC21/slim">

  <leader>04280nam a2200541Ia 4500</leader>
  <controlfield tag="001">5854</controlfield>
  <controlfield tag="008">241029s9999    xx            000 0 und d</controlfield>
  <datafield tag="010" ind1=" " ind2=" ">
    <subfield code="a">5500</subfield>
  </datafield>
  <datafield tag="041" ind1=" " ind2=" ">
    <subfield code="a">Espa&#xF1;ol</subfield>
  </datafield>
  <datafield tag="082" ind1=" " ind2=" ">
    <subfield code="a">NO APLICA</subfield>
  </datafield>
  <datafield tag="245" ind1=" " ind2="0">
    <subfield code="a">Incidencia del acompa&#xF1;amiento pedag&#xF3;gico de los Centros Educativos Parroquial Divino Ni&#xF1;o y Luis Emilio P&#xE9;rez de jornada escolar extendida del nivel primario, distrito educativo 01-01 de Pedernales, a&#xF1;o lectivo 2018-2019.</subfield>
  </datafield>
  <datafield tag="260" ind1=" " ind2=" ">
    <subfield code="a">Barahona</subfield>
  </datafield>
  <datafield tag="300" ind1=" " ind2=" ">
    <subfield code="a">85</subfield>
  </datafield>
  <datafield tag="520" ind1=" " ind2=" ">
    <subfield code="a">80</subfield>
  </datafield>
  <datafield tag="630" ind1=" " ind2=" ">
    <subfield code="a">Acompa&#xF1;amiento</subfield>
  </datafield>
  <datafield tag="630" ind1=" " ind2=" ">
    <subfield code="a">Pedagog&#xED;a</subfield>
  </datafield>
  <datafield tag="650" ind1=" " ind2=" ">
    <subfield code="a">Acompa&#xF1;amiento</subfield>
  </datafield>
  <datafield tag="690" ind1=" " ind2=" ">
    <subfield code="a">Elaborado</subfield>
  </datafield>
  <datafield tag="700" ind1=" " ind2=" ">
    <subfield code="e">asesor</subfield>
    <subfield code="a"> Concepci&#xF3;n, Jos&#xE9; El&#xED;as</subfield>
  </datafield>
  <datafield tag="700" ind1=" " ind2=" ">
    <subfield code="e">autor</subfield>
    <subfield code="a">Matos Decena de Matos , Carmen Delia </subfield>
  </datafield>
  <datafield tag="700" ind1=" " ind2=" ">
    <subfield code="e">autor</subfield>
    <subfield code="a"> Geovanny Mancebo de P&#xE9;rez, Deopatria</subfield>
  </datafield>
  <datafield tag="901" ind1=" " ind2=" ">
    <subfield code="a">{"1":"Matos Decena de Matos ","2":" Geovanny Mancebo de P&#xE9;rez"}</subfield>
    <subfield code="b">{"1":"Carmen Delia ","2":"Deopatria"}</subfield>
  </datafield>
  <datafield tag="902" ind1=" " ind2=" ">
    <subfield code="a">1</subfield>
  </datafield>
  <datafield tag="903" ind1=" " ind2=" ">
    <subfield code="a">{"1":" Concepci&#xF3;n"}</subfield>
    <subfield code="b">{"1":"Jos&#xE9; El&#xED;as"}</subfield>
  </datafield>
  <datafield tag="904" ind1=" " ind2=" ">
    <subfield code="a">Maestr&#xED;a en</subfield>
  </datafield>
  <datafield tag="905" ind1=" " ind2=" ">
    <subfield code="a">Gesti&#xF3;n de Centros Educativos</subfield>
  </datafield>
  <datafield tag="906" ind1=" " ind2=" ">
    <subfield code="a">2</subfield>
  </datafield>
  <datafield tag="907" ind1=" " ind2=" ">
    <subfield code="a">NO APLICA</subfield>
  </datafield>
  <datafield tag="908" ind1=" " ind2=" ">
    <subfield code="a">NO APLICA</subfield>
  </datafield>
  <datafield tag="909" ind1=" " ind2=" ">
    <subfield code="a">Universidad Cat&#xF3;lica Tecnol&#xF3;gica de Barahona (UCATEBA)</subfield>
  </datafield>
  <datafield tag="910" ind1=" " ind2=" ">
    <subfield code="a">NULL</subfield>
    <subfield code="b">NULL</subfield>
  </datafield>
  <datafield tag="911" ind1=" " ind2=" ">
    <subfield code="a">["1"]</subfield>
  </datafield>
  <datafield tag="912" ind1=" " ind2=" ">
    <subfield code="a">NO APLICA</subfield>
  </datafield>
  <datafield tag="913" ind1=" " ind2=" ">
    <subfield code="a">NULL</subfield>
  </datafield>
  <datafield tag="914" ind1=" " ind2=" ">
    <subfield code="a">02 de Septiembre de 2019</subfield>
  </datafield>
  <datafield tag="915" ind1=" " ind2=" ">
    <subfield code="a">15/10/19 11:10</subfield>
  </datafield>
  <datafield tag="916" ind1=" " ind2=" ">
    <subfield code="a">NULL</subfield>
  </datafield>
  <datafield tag="917" ind1=" " ind2=" ">
    <subfield code="a">NULL</subfield>
  </datafield>
  <datafield tag="918" ind1=" " ind2=" ">
    <subfield code="a">NO APLICA</subfield>
  </datafield>
  <datafield tag="919" ind1=" " ind2=" ">
    <subfield code="a">["1","153"]</subfield>
  </datafield>
  <datafield tag="520" ind1=" " ind2=" ">
    <subfield code="a">El objetivo principal de este estudio consisti&#xF3;, en analizar la funci&#xF3;n de la gesti&#xF3;n educativa en el acompa&#xF1;amiento pedag&#xF3;gico de los Centros Educativos, Escuela Parroquial Divino Ni&#xF1;o y Luis Emilio P&#xE9;rez de Jornada Escolar Extendida del Nivel Primario, Pedernales, periodo 2018-2019. Mientras que dentro de los objetivos espec&#xED;ficos se encuentran: describir la funci&#xF3;n de la gesti&#xF3;n educativa en el acompa&#xF1;amiento pedag&#xF3;gico de los Centros Educativos Escuela Parroquial Divino ni&#xF1;o y Luis Emilio P&#xE9;rez de Jornada Escolar Extendida del Nivel Primario, Pedernales, periodo 2018-2019 y determinar el rol que desempe&#xF1;a la gesti&#xF3;n educativa en el acompa&#xF1;amiento pedag&#xF3;gico en estos centros educativos.&#xA0;Esta investigaci&#xF3;n fue de tipo exploratoria; para el mismo se utilizaron las t&#xE9;cnicas de: observaci&#xF3;n directa, cuestionarios, entrevistas, consultas a diferentes fuentes bibliogr&#xE1;ficas y los an&#xE1;lisis estad&#xED;sticos. Se trabaj&#xF3; con el 100% de la poblaci&#xF3;n, es decir con las 29 personas en total por lo que se considera un estudio censal. En lo que respecta a los docentes se tom&#xF3; el 100% de la poblaci&#xF3;n, es decir que 20 fueron seleccionados de las escuelas Parroquial Divino Ni&#xF1;o y 5 de la Luis Emilio P&#xE9;rez de los centros mencionados. En lo concerniente a las 2 directoras y las 2 coordinadoras fueron seleccionadas el 100% una por cada centro educativo, por tanto, se tom&#xF3; el universo por ser tan peque&#xF1;o.Con relaci&#xF3;n a los objetivos planteados en esta investigaci&#xF3;n las autoras concluyeron que, el 100% de los docentes encuestados comunican que las coordinadoras de sus centros supervisan las actividades que ellos realizan para la mejora en la gesti&#xF3;n, por tal raz&#xF3;n debe haber resultados de calidad, ya que tienen personas competentes pendiente a su desempe&#xF1;o laborar; en otra conclusi&#xF3;n plantean que el 96% de los docentes respondieron que siempre el coordinador(a) orienta de manera adecuada el trabajo que realizan los docentes, de manera que si est&#xE1;n bien orientados, asumen con responsabilidad sus roles, los resultados deben ser muy buenos, acorde a los lineamientos del MINERD.De igual manera estas recomiendan que las coordinadoras docentes deben dar mayor seguimiento a los procesos de acompa&#xF1;amientos desde los salones de clases, aunque hay resultados favorables, pero se necesita mantener mayor apoyo a los docentes en sus pr&#xE1;cticas pedag&#xF3;gicas para obtener aprendizajes significativos;&#xA0; y que las coordinadoras docentes deben&#xA0; brindar orientaciones a la labor que realizan las docentes en el sal&#xF3;n de clases, aunque la mayor&#xED;a siente satisfacci&#xF3;n, falta motivaci&#xF3;n para lograr mayores y mejores resultados.</subfield>
  </datafield>
  <datafield tag="921" ind1=" " ind2=" ">
    <subfield code="a">78</subfield>
  </datafield>
  <datafield tag="922" ind1=" " ind2=" ">
    <subfield code="a">78</subfield>
  </datafield>
  <datafield tag="923" ind1=" " ind2=" ">
    <subfield code="a">1</subfield>
  </datafield>
  <datafield tag="924" ind1=" " ind2=" ">
    <subfield code="a">NO APLICA</subfield>
  </datafield>
  <datafield tag="942" ind1=" " ind2=" ">
    <subfield code="c">Tesis</subfield>
  </datafield>
  <datafield tag="999" ind1=" " ind2=" ">
    <subfield code="c">5500</subfield>
    <subfield code="d">5500</subfield>
  </datafield>
</record>
